Eros Garconnier

Gardado en:
Detalles Bibliográficos
Autor Principal: De Montherlant, Henry
Formato: Unknown
Idioma:inglés
Tags: Engadir etiqueta
Sen Etiquetas, Sexa o primeiro en etiquetar este rexistro!

MARC

LEADER 00000 a2200000 4500
005 20240724172836.0
008 240724b |||||||| |||| 00| 0 eng d
040 |c GP 
100 |a De Montherlant, Henry 
245 |a Eros Garconnier 
942 |2 ddc  |c BK  |n 0 
952 |0 0  |1 0  |2 ddc  |4 0  |6 306_766000000000000_MON  |7 1  |9 1716  |a RM  |b RM  |d 2024-07-24  |l 0  |o 306.766 MON  |p 478  |r 2024-07-24 17:28:56  |w 2024-07-24  |y BK 
999 |c 1529  |d 1529